ბათუმის შოთა რუსთაველის სახელმწიფო უნივერსიტეტის ბიბლიოთეკა

MULTIVARIABLE CALCULUS. (ბიბ.ჩანაწერი № 35534)

000 -LEADER
fixed length control field 00461nam a2200205Ia 4500
001 - CONTROL NUMBER
control field 1395
003 - CONTROL NUMBER IDENTIFIER
control field GE_BSU
008 - FIXED-LENGTH DATA ELEMENTS--GENERAL INFORMATION
fixed length control field 181216s||||||||xx |||||||||||||| ||und||
020 ## - INTERNATIONAL STANDARD BOOK NUMBER
International Standard Book Number 111426775
040 ## - CATALOGING SOURCE
Transcribing agency GE_BSU
080 ## - UNIVERSAL DECIMAL CLASSIFICATION NUMBER
Universal Decimal Classification number 519.6
100 ## - MAIN ENTRY--PERSONAL NAME
Personal name STEWART, JAMES.
245 ## - TITLE STATEMENT
Title MULTIVARIABLE CALCULUS.
260 ## - PUBLICATION, DISTRIBUTION, ETC.
Date of publication, distribution, etc. 2012?
300 ## - PHYSICAL DESCRIPTION
Extent 981c.
653 ## - INDEX TERM--UNCONTROLLED
Uncontrolled term MULTIVARIABLE CALCULUS
653 ## - INDEX TERM--UNCONTROLLED
Uncontrolled term მათემატიკა
942 ## - ADDED ENTRY ELEMENTS (KOHA)
Koha item type წიგნი
ეგზემპლარები
Withdrawn status Lost status Damaged status Not for loan Date acquired Barcode Date last seen Price effective from Koha item type Public note
        2018-12-17 2596 2018-12-17 2018-12-17 წიგნი არბაზი
        2018-12-17 2597 2018-12-17 2018-12-17 წიგნი დარბაზი